SED : stunning eastern design.
| Main Author: | |
|---|---|
| Other Authors: | , |
| Format: | Book |
| Published: |
Cologne:
Taschen,
1990.
|
| Subjects: |
| LEADER | 00552cam a2200205 7i4500 | ||
|---|---|---|---|
| 001 | 0000004891 | ||
| 005 | 19991025090000.0 | ||
| 002 | ##000006449 | ||
| 020 | 0 | 0 | |a 3-8228-0403-7 |
| 090 | 0 | 0 | |a DE 745.444 |b BER |
| 100 | 1 | 0 | |a Bertsch |
| 245 | 0 | 0 | |a SED : |b stunning eastern design. |
| 260 | 0 | 0 | |a Cologne: |b Taschen, |c 1990. |
| 300 | 0 | 0 | |a 176 p.. |
| 650 | 0 | 0 | |a Product management |
| 650 | 0 | 0 | |a Product design -- |z East Germany |
| 651 | 0 | 0 | |a Germany |
| 700 | 1 | 1 | |a Hedler |
| 700 | 1 | 1 | |a Dietz, |h Matthias |
| 999 | |a 0000006889 |b Book |c Open shelf |e Business Information Centre | ||


